000 00279nam a2200109Ia 4500
008 200302s9999 xx 000 0 und d
100 _aJohn M.Bryan
245 _aAmericas First Architect Robert Mills
260 _bPrinceton Architecture Press, NY
260 _c2001
300 _a329
999 _c4547
_d4547